| 000 | 00854nam a22002177a 4500 | ||
|---|---|---|---|
| 999 |
_c21384 _d21384 |
||
| 003 | AR-CdUCM | ||
| 008 | 190529b ||||| |||| 00| 0 spa d | ||
| 020 | _a9788490352960 | ||
| 040 |
_aMUNICIPALIDAD PROVINCIAL DEL CUSCO _cBIBLIOTECA MUNICIPAL DEL CUSCO |
||
| 082 |
_a657.031/K84 _bK84 _2Decima |
||
| 100 |
_aKrugman, Paul R _99551 |
||
| 245 | _aEconomía internacional teoría y política / | ||
| 260 |
_aMadrid ; _bPearson, _c2016. |
||
| 300 |
_a792 Páginas. : _c19 x 25 cm. |
||
| 505 | _aContenido: Teoría del comercio internacional -- Política comercial internacional -- Tipos de cambio y macroeconomía de una economía abierta -- Política macroeconómica internacional ... | ||
| 650 |
_aProducción _91785 |
||
| 650 |
_aEconomía de la producción _942524 |
||
| 650 |
_aEconomía general _940772 |
||
| 942 |
_2ddc _cLIBROS |
||
| 945 | _aRoel | ||